[Event "17th "]
[Site "Senta"]
[Date "2013.07.14"]
[Round "3.25"]
[White "Grbin, Stefan"]
[Black "Mrzic, Branko"]
[Result "1-0"]
[WhiteElo "1529"]
[BlackElo "1875"]
[PlyCount "141"]
[EventDate "2013.07.13"]

1. Nf3 c5 2. c4 Nf6 3. g3 g6 4. b3 Bg7 5. Bb2 O-O 6. Bg2 e6 7. d3 d5 8. O-O Nc6
9. Nbd2 d4 10. a3 a5 11. a4 Re8 12. h3 e5 13. Qc2 h6 14. Rae1 g5 15. Nh2 Bf5
16. Ba3 Bf8 17. f4 exf4 18. gxf4 g4 19. hxg4 Bxg4 20. Ne4 Nxe4 21. dxe4 Bc8 22.
Rf3 Qh4 23. Ref1 Ra6 24. R1f2 d3 25. Qxd3 Rd8 26. Rg3+ Kh8 27. Bb2+ Nd4 28.
Bxd4+ Rxd4 29. Qc3 Kh7 30. Rd3 Qd8 31. Rxd4 Qxd4 32. Qxd4 cxd4 33. e5 Rb6 34.
Rf3 Bf5 35. Rg3 Be7 36. Ng4 Bxg4 37. Rxg4 h5 38. Be4+ Kh6 39. Rg3 h4 40. Rd3
Bc5 41. Kg2 f6 42. exf6 Rxf6 43. Bxb7 Rxf4 44. Rf3 Kg5 45. Rxf4 Kxf4 46. Kf2
d3+ 47. Ke1 Bb4+ 48. Kd1 d2 49. c5 Ke3 50. c6 Bd6 51. Bc8 Bf4 52. Be6 Kd4 53.
c7 Bxc7 54. Kxd2 Bf4+ 55. Ke1 Be3 56. Kf1 Ke5 57. Bh3 Kf4 58. Kg2 Bc5 59. Be6
Ke3 60. Kh3 Be7 61. Bc4 Kf2 62. e4 Kf3 63. e5 Kf4 64. e6 Bf6 65. b4 axb4 66. a5
Ke5 67. a6 Kd6 68. a7 Kc5 69. Bb3 Kd4 70. a8=Q Kc3 71. Qd5 1-0

[Event "17th "]
[Site "Senta"]
[Date "2013.07.14"]
[Round "3.26"]
[White "Farkas, Sandor I"]
[Black "Ruvidic, Petar"]
[Result "1-0"]
[WhiteElo "1862"]
[BlackElo "1559"]
[PlyCount "109"]
[EventDate "2013.07.13"]

1. e4 e5 2. Bc4 Nf6 3. d3 Bc5 4. Nf3 d6 5. O-O O-O 6. Be3 Bb6 7. h3 h6 8. Nc3
Be6 9. Bb3 Nc6 10. Qd2 Bxe3 11. Qxe3 Qd7 12. Nh2 Nd4 13. Qd2 Nh5 14. Ne2 Nxe2+
15. Qxe2 Nf4 16. Qe3 f5 17. Rae1 Rae8 18. Qxa7 fxe4 19. Rxe4 Bxb3 20. axb3 Qc6
21. Qe3 Qxc2 22. Rc1 Qxb2 23. Rxc7 Qxb3 24. Nf1 Qxd3 25. Rxf4 Qxe3 26. Rxf8+
Kxf8 27. Nxe3 Re7 28. Rc4 Ke8 29. Nd5 Rf7 30. Rb4 Kd8 31. f3 Kc8 32. Rb6 Rd7
33. Kf2 Kd8 34. Ke3 Ke8 35. Ke4 Kf7 36. h4 Kg6 37. g4 Kf7 38. Rb4 Ke6 39. Rb6
Kf7 40. h5 Ke6 41. Rb2 Rf7 42. Rb5 Rd7 43. f4 Rf7 44. f5+ Kd7 45. Rxb7+ Ke8 46.
Rxf7 Kxf7 47. Nc3 Kf6 48. Kf3 Kg5 49. Ne4+ Kh4 50. Nxd6 Kg5 51. Ne8 e4+ 52.
Kxe4 Kxg4 53. Nxg7 Kg5 54. Ke5 Kg4 55. f6 1-0

[Event "17th "]
[Site "Senta"]
[Date "2013.07.14"]
[Round "3.27"]
[White "Vrabel, Mate"]
[Black "Lorincz, Renata"]
[Result "0-1"]
[WhiteElo "1508"]
[BlackElo "1847"]
[PlyCount "52"]
[EventDate "2013.07.13"]

1. e4 e5 2. Nf3 Nc6 3. Bc4 Bc5 4. O-O Nf6 5. d3 h6 6. Nc3 d6 7. h3 a6 8. a3 O-O
9. Nd5 Be6 10. Ne3 Bxe3 11. Bxe3 Bxc4 12. dxc4 Nxe4 13. Qd3 Nf6 14. Rad1 e4 15.
Qc3 exf3 16. gxf3 Qc8 17. Kh2 Qf5 18. f4 Rfe8 19. Rg1 Re6 20. Rg2 Ne7 21. Bd4
Qxf4+ 22. Kh1 Ng6 23. Rdg1 Rae8 24. Be3 Rxe3 25. fxe3 Rxe3 26. Qb4 Rxh3+ 0-1

[Event "17th "]
[Site "Senta"]
[Date "2013.07.15"]
[Round "4.1"]
[White "Puhalo, Zdravko"]
[Black "Zivkovic, Momcilo"]
[Result "1/2-1/2"]
[WhiteElo "2064"]
[BlackElo "2138"]
[PlyCount "168"]
[EventDate "2013.07.13"]

1. d4 d5 2. Nc3 Bf5 3. Bf4 c6 4. a3 Nf6 5. e3 e6 6. Bd3 Bxd3 7. cxd3 Bd6 8.
Nge2 O-O 9. h3 Bxf4 10. Nxf4 Nbd7 11. O-O e5 12. dxe5 Nxe5 13. d4 Nc4 14. b3
Nd6 15. Qc2 Re8 16. Nd3 Nfe4 17. Ne2 Nf5 18. Nc5 Nfd6 19. Rac1 Rb8 20. a4 Qg5
21. Nd7 Rbd8 22. Ne5 Nf5 23. Nf4 Nxd4 24. exd4 Qxf4 25. Qd3 f6 26. Nf3 Re7 27.
b4 Nd6 28. b5 Nc4 29. Rxc4 dxc4 30. Qxc4+ Kh8 31. bxc6 bxc6 32. Qxc6 Qd6 33.
Qc4 Rc7 34. Qb3 Qb6 35. Qa3 Rb7 36. Re1 Qb4 37. Qa2 Qb3 38. Ra1 a5 39. Nd2 Qd3
40. Nf3 Rdb8 41. Kh2 Rb1 42. Rxb1 Qxb1 43. Qc4 Qb4 44. Qc7 Qb6 45. Qc3 Rd8 46.
h4 Qb4 47. Qc2 Qd6+ 48. Kh3 Qd7+ 49. Kh2 Rc8 50. Qb3 Qc7+ 51. Kh3 Qc4 52. Qa3
Qb4 53. Qa2 Rc4 54. d5 Qxa4 55. Qb1 Qd7+ 56. Kh2 Qxd5 57. Qb8+ Qg8 58. Qa7 a4
59. h5 Qc8 60. g3 h6 61. Nh4 Rxh4+ 62. gxh4 Qg4 63. Qa8+ Kh7 64. Qe8 Qxh4+ 65.
Kg2 Qg4+ 66. Kh2 a3 67. Qf7 f5 68. f3 Qf4+ 69. Kg2 Qg5+ 70. Kf2 f4 71. Qe8 Qf5
72. Qa4 Qe5 73. Kg2 Qxh5 74. Qxa3 Qg5+ 75. Kh2 Qg6 76. Kh1 h5 77. Qa4 Qf6 78.
Qe4+ Kh6 79. Qa8 Kg5 80. Qa2 Kh6 81. Qc2 Qa1+ 82. Kh2 Qe1 83. Qd3 Qg3+ 84. Kh1
h4 1/2-1/2

[Event "17th "]
[Site "Senta"]
[Date "2013.07.15"]
[Round "4.2"]
[White "Dinic, Nenad"]
[Black "Pajzer, Istvan"]
[Result "1-0"]
[WhiteElo "2011"]
[BlackElo "2132"]
[PlyCount "119"]
[EventDate "2013.07.13"]

1. e4 c5 2. Nf3 d6 3. Bb5+ Bd7 4. Bxd7+ Qxd7 5. O-O Nc6 6. c3 g6 7. d4 cxd4 8.
cxd4 Bg7 9. Nc3 e6 10. Re1 Nge7 11. Be3 O-O 12. Qd2 d5 13. e5 Nf5 14. Bf4 Qe7
15. Bg5 Qb4 16. a3 Qc4 17. Ne2 h5 18. Rec1 Qb5 19. Rc5 Qb6 20. Rac1 Rfc8 21. h3
Bf8 22. R5c3 Be7 23. Bxe7 Nfxe7 24. g4 hxg4 25. hxg4 Kg7 26. Kg2 Rh8 27. Qf4
Ng8 28. Ng5 Qc7 29. Rf3 Nh6 30. Rh1 Qe7 31. Qf6+ Qxf6 32. exf6+ Kg8 33. Rfh3
Nb8 34. Nf3 Nd7 35. g5 Rc8 36. Ne1 e5 37. Rxh6 Rxh6 38. Rxh6 exd4 39. Rh4 Ne5
40. Rxd4 Re8 41. Rxd5 Nc4 42. Kf3 b5 43. Nd3 Nd2+ 44. Kg4 Rxe2 45. Rd8+ Kh7 46.
Rf8 Nc4 47. Rxf7+ Kh8 48. Rg7 Rd2 49. Nc5 Rxf2 50. Rxa7 Ne5+ 51. Kg3 Rf3+ 52.
Kg2 Rf5 53. Ne6 Nc6 54. Ra8+ Kh7 55. Nf8+ Kg8 56. Nxg6+ Kf7 57. Nh8+ Ke6 58.
Rg8 Ne5 59. b4 Rf4 60. Re8+ 1-0

[Event "17th "]
[Site "Senta"]
[Date "2013.07.15"]
[Round "4.3"]
[White "Popov, Stevan"]
[Black "Polhert, Zdenko"]
[Result "1-0"]
[WhiteElo "2195"]
[BlackElo "1982"]
[PlyCount "71"]
[EventDate "2013.07.13"]

1. e4 e5 2. Nf3 d6 3. d4 exd4 4. Qxd4 h6 5. Nc3 a6 6. Be3 Nc6 7. Qd2 Be7 8.
O-O-O Be6 9. Nd5 Nf6 10. Qc3 O-O 11. Nxe7+ Qxe7 12. Bd3 Ng4 13. Rhe1 Nxe3 14.
Rxe3 Bg4 15. h3 Bxf3 16. Rxf3 Kh8 17. Kb1 f6 18. Re3 Qe5 19. Qxe5 fxe5 20. f3
Nd4 21. Bf1 g5 22. Bc4 Nc6 23. Bd5 Nd8 24. a4 Ra7 25. a5 Re8 26. Rb3 Kg7 27.
Rh1 Re7 28. h4 c6 29. Bc4 Ne6 30. Rd3 Nf4 31. Rxd6 Nxg2 32. hxg5 hxg5 33. Rg1
Nf4 34. Rxg5+ Kh7 35. Bg8+ Kh8 36. Rh6+ 1-0

[Event "17th "]
[Site "Senta"]
[Date "2013.07.15"]
[Round "4.4"]
[White "Stosic, Slobodan"]
[Black "Milanovic, Maja"]
[Result "1/2-1/2"]
[WhiteElo "2155"]
[BlackElo "1969"]
[PlyCount "48"]
[EventDate "2013.07.13"]

1. d4 Nf6 2. c4 c5 3. Nf3 e6 4. d5 Qc7 5. Nc3 a6 6. e4 e5 7. a4 d6 8. h3 g6 9.
Bd3 Bg7 10. g4 Qe7 11. Ne2 a5 12. Ng3 h6 13. Bd2 b6 14. Kf1 Na6 15. Qc1 Bd7 16.
Kg2 O-O-O 17. Qc2 Kb7 18. Rae1 Nh7 19. b3 g5 20. Nh2 f6 21. Nhf1 Nf8 22. Ne3
Ng6 23. Nef5 Bxf5 24. Nxf5 Qf7 1/2-1/2

[Event "17th "]
[Site "Senta"]
[Date "2013.07.15"]
[Round "4.5"]
[White "Sedlak, Ivan"]
[Black "Petrovic, Milan M"]
[Result "0-1"]
[WhiteElo "2128"]
[BlackElo "1917"]
[PlyCount "62"]
[EventDate "2013.07.13"]

1. e4 c6 2. d4 d5 3. e5 Bf5 4. Nf3 e6 5. Be2 c5 6. O-O cxd4 7. Nxd4 Ne7 8. Be3
Nbc6 9. f4 Nxd4 10. Bxd4 Nc6 11. c3 h5 12. Nd2 Be7 13. Bxh5 Nxd4 14. cxd4 Qb6
15. Nb3 Rc8 16. Rf2 a5 17. Bg4 a4 18. Bxf5 axb3 19. Bb1 Rc4 20. axb3 Rxd4 21.
Bd3 Rxf4 22. Bb5+ Kd8 23. Ra8+ Kc7 24. Qc1+ Bc5 25. Qxf4 Bxf2+ 26. Qxf2 Qxf2+
27. Kxf2 Rxa8 28. Kf3 Kb6 29. Bd7 Kc5 30. h4 Kb4 31. h5 Rd8 0-1

[Event "17th "]
[Site "Senta"]
[Date "2013.07.15"]
[Round "4.6"]
[White "Nestorovic, Irena"]
[Black "Pavkov, Nebojsa"]
[Result "1-0"]
[WhiteElo "2039"]
[BlackElo "1954"]
[PlyCount "59"]
[EventDate "2013.07.13"]

1. d4 g6 2. c4 Bg7 3. Nc3 d6 4. Nf3 Nf6 5. e4 O-O 6. Be2 Nc6 7. d5 Nb8 8. h3 c6
9. O-O b5 10. cxb5 cxd5 11. exd5 Nbd7 12. Nd4 Nb6 13. Nc6 Qc7 14. Bg5 e6 15.
Rc1 exd5 16. a4 a5 17. Bf3 Be6 18. b3 Qd7 19. Be3 Nc8 20. Nxd5 Nxd5 21. Bxd5
Bxd5 22. Qxd5 Ne7 23. Qd2 Nf5 24. Bf4 Qe6 25. Qd3 Rfe8 26. Bd2 Qe2 27. Qxe2
Rxe2 28. Bxa5 Nd4 29. Nxd4 Bxd4 30. Bc3 1-0

[Event "17th "]
[Site "Senta"]
[Date "2013.07.15"]
[Round "4.8"]
[White "Davidovic, Zoran"]
[Black "Toth, Kazmer"]
[Result "1-0"]
[WhiteElo "1904"]
[BlackElo "1995"]
[PlyCount "69"]
[EventDate "2013.07.13"]

1. e4 d6 2. d4 Nf6 3. Bd3 c6 4. f4 g6 5. Nf3 Bg7 6. Nbd2 b5 7. a4 b4 8. a5 Qc7
9. O-O O-O 10. Qe2 c5 11. dxc5 Qxc5+ 12. Kh1 a6 13. Nc4 Nbd7 14. Be3 Qc6 15.
Nd4 Qb7 16. e5 dxe5 17. fxe5 Nd5 18. e6 fxe6 19. Nxe6 Rxf1+ 20. Rxf1 Nxe3 21.
Qxe3 Nf6 22. Nxg7 Kxg7 23. Re1 Kf8 24. Qh6+ Kg8 25. Nb6 Kf7 26. Rf1 Bf5 27.
Bxf5 gxf5 28. Nxa8 Qxa8 29. Rxf5 Ke6 30. Qh3 Kd6 31. Qd3+ Ke6 32. Rf4 Nd5 33.
Re4+ Kf7 34. Qf3+ Ke8 35. Re5 1-0

[Event "17th "]
[Site "Senta"]
[Date "2013.07.15"]
[Round "4.9"]
[White "Scepanovic, Labud"]
[Black "Milosevic, Jovana"]
[Result "1-0"]
[WhiteElo "2186"]
[BlackElo "1913"]
[PlyCount "73"]
[EventDate "2013.07.13"]

1. g3 d5 2. Bg2 Nf6 3. d3 e5 4. c4 dxc4 5. Qa4+ c6 6. Qxc4 Be6 7. Qc2 Bb4+ 8.
Bd2 Bxd2+ 9. Nxd2 O-O 10. Ngf3 Nbd7 11. O-O Qc7 12. b4 Nd5 13. a3 f6 14. Rfc1
Rfc8 15. d4 exd4 16. Nxd4 Bf7 17. Nf5 N7b6 18. Nb3 Qe5 19. f4 Qc7 20. Nbd4 Ne7
21. Qc5 Nxf5 22. Nxf5 Re8 23. e4 Rad8 24. b5 Nd7 25. Qxa7 c5 26. e5 c4 27. Nd6
fxe5 28. Nxe8 Rxe8 29. Qxb7 Qc5+ 30. Kh1 Nf6 31. Qc6 Qf2 32. Qf3 Qc5 33. Qc6
Qf2 34. Rf1 Qb2 35. Rab1 Qxa3 36. b6 e4 37. b7 1-0

[Event "17th "]
[Site "Senta"]
[Date "2013.07.15"]
[Round "4.10"]
[White "Ruzicic, Sinisa"]
[Black "Bulatovic, Luka"]
[Result "1-0"]
[WhiteElo "1978"]
[BlackElo "1677"]
[PlyCount "49"]
[EventDate "2013.07.13"]

1. e4 c5 2. Nf3 Nc6 3. b4 cxb4 4. d4 d5 5. exd5 Qxd5 6. c4 Qe4+ 7. Be2 Bg4 8.
Nbd2 Qg6 9. d5 Nb8 10. Qb3 Qb6 11. Ne4 e6 12. Be3 Qa5 13. O-O Nd7 14. d6 Ngf6
15. Nxf6+ Nxf6 16. Rfd1 g6 17. Bd4 Bg7 18. d7+ Kf8 19. a3 e5 20. axb4 Qc7 21.
Bxe5 Qd8 22. Qb2 Nh5 23. Qd4 f6 24. Bd6+ Kf7 25. Qxg4 1-0

[Event "17th "]
[Site "Senta"]
[Date "2013.07.15"]
[Round "4.12"]
[White "Lorincz, Renata"]
[Black "Kuzmanovic, Ratko"]
[Result "0-1"]
[WhiteElo "1847"]
[BlackElo "1959"]
[PlyCount "62"]
[EventDate "2013.07.13"]

1. d4 d6 2. c4 Nf6 3. Nc3 g6 4. e4 Bg7 5. f3 O-O 6. Bd3 c5 7. d5 e6 8. Nge2
exd5 9. exd5 Nfd7 10. O-O Ne5 11. Ng3 Nxd3 12. Qxd3 Nd7 13. f4 f5 14. Re1 Nf6
15. Bd2 Bd7 16. Re2 Qb6 17. b3 Rae8 18. Rae1 a6 19. Rxe8 Rxe8 20. Rxe8+ Nxe8
21. Nd1 Qd8 22. Nf2 Qf6 23. Qc2 Qa1+ 24. Nf1 Bd4 25. g3 Nf6 26. Kg2 Ng4 27.
Nxg4 fxg4 28. Ba5 Bf5 29. Qe2 Kf7 30. Bd8 Qb2 31. Nd2 Be4+ 0-1

[Event "17th "]
[Site "Senta"]
[Date "2013.07.15"]
[Round "4.13"]
[White "Olajos, Gyozo"]
[Black "Knezevic, Velimir"]
[Result "0-1"]
[WhiteElo "1690"]
[BlackElo "1940"]
[PlyCount "70"]
[EventDate "2013.07.13"]

1. d4 e6 2. e4 d5 3. e5 c5 4. c3 Nc6 5. Nf3 Nge7 6. Bb5 Qb6 7. Ba4 Nf5 8. O-O
Bd7 9. Bf4 Qxb2 10. Nbd2 Qxc3 11. Rc1 Qa5 12. Rb1 Nxe5 13. Bxd7+ Nxd7 14. Rxb7
Bd6 15. Bxd6 Nxd6 16. Rb2 O-O 17. Nb3 Qa3 18. Qc2 c4 19. Nbd2 Rab8 20. Rbb1 c3
21. Nb3 Rfc8 22. Rfe1 h6 23. Re3 Ne4 24. h3 a5 25. Ne1 a4 26. Nc1 Rb2 27. Qd3
c2 28. Rxb2 Qxb2 29. f3 Qxc1 30. fxe4 Qxe3+ 31. Qxe3 c1=Q 32. Qe2 Rc3 33. Kh2
Qf4+ 34. Kh1 dxe4 35. Nc2 Qc1+ 0-1

[Event "17th "]
[Site "Senta"]
[Date "2013.07.15"]
[Round "4.15"]
[White "Sarnyai, Daniel"]
[Black "Csomos, Janos"]
[Result "1/2-1/2"]
[WhiteElo "1801"]
[BlackElo "1896"]
[PlyCount "34"]
[EventDate "2013.07.13"]

1. c4 Nf6 2. Nc3 g6 3. e4 d6 4. g3 e5 5. Bg2 Bg7 6. Nge2 Nh5 7. d3 O-O 8. O-O
Nc6 9. f4 f5 10. Qc2 exf4 11. Bxf4 Nd4 12. Nxd4 Bxd4+ 13. Kh1 Nxf4 14. Rxf4 g5
15. Rff1 f4 16. Ne2 Be3 17. h3 f3 1/2-1/2

[Event "17th "]
[Site "Senta"]
[Date "2013.07.15"]
[Round "4.18"]
[White "Soklovacki, Mila"]
[Black "Soklovacki, Marija"]
[Result "1/2-1/2"]
[WhiteElo "1586"]
[BlackElo "1886"]
[PlyCount "46"]
[EventDate "2013.07.13"]

1. e4 e5 2. Nf3 Nc6 3. d4 exd4 4. Nxd4 Bc5 5. Nxc6 Qf6 6. Qd2 bxc6 7. Qf4 Qxf4
8. Bxf4 Bd6 9. Bxd6 cxd6 10. Nc3 a5 11. Bd3 Ba6 12. Bxa6 Rxa6 13. O-O Nf6 14.
f3 O-O 15. Ne2 d5 16. exd5 Nxd5 17. Rad1 Re8 18. Rf2 Nf6 19. Rd3 h6 20. Nc3 Ra7
21. Na4 Re1+ 22. Rf1 Re2 23. Rf2 Re1+ 1/2-1/2

[Event "17th "]
[Site "Senta"]
[Date "2013.07.15"]
[Round "4.22"]
[White "Bernath, Robert"]
[Black "Milenkovic, Jelena"]
[Result "1-0"]
[WhiteElo "2135"]
[BlackElo "1502"]
[PlyCount "81"]
[EventDate "2013.07.13"]

1. e4 e5 2. Nf3 Nc6 3. d4 exd4 4. Nxd4 Bc5 5. Be3 Qf6 6. c3 a6 7. Bc4 Nge7 8.
O-O O-O 9. f4 d6 10. Kh1 Bd7 11. Na3 Rae8 12. Nac2 Ng6 13. Bd3 b5 14. Qd2 Qd8
15. Rf3 b4 16. cxb4 Bxd4 17. Nxd4 Nxd4 18. Bxd4 Bc6 19. Qc2 Qa8 20. f5 Ne5 21.
Rg3 f6 22. Bxe5 Rxe5 23. Rc1 Bxe4 24. Qxc7 Rf7 25. Qc8+ Qxc8 26. Rxc8+ Rf8 27.
Rxf8+ Kxf8 28. Kg1 Bxf5 29. Bxa6 d5 30. b5 Re8 31. b6 Rb8 32. b7 d4 33. Rb3 Ke7
34. Kf2 Be6 35. Rb4 Bxa2 36. b3 h6 37. Rc4 d3 38. Ke3 d2 39. Kxd2 Rd8+ 40. Kc3
Bb1 41. Rc8 1-0

[Event "17th "]
[Site "Senta"]
[Date "2013.07.15"]
[Round "4.23"]
[White "Cvetanovic, Damjan"]
[Black "Zarkovic, Milos"]
[Result "0-1"]
[WhiteElo "1915"]
[BlackElo "1719"]
[PlyCount "58"]
[EventDate "2013.07.13"]

1. d4 d5 2. c4 e6 3. Nf3 Nf6 4. g3 Be7 5. Bg2 O-O 6. O-O dxc4 7. Qc2 a6 8. Qxc4
b5 9. Qc2 Bb7 10. Bd2 Nbd7 11. Ba5 Bd6 12. Nbd2 Rc8 13. b4 Qe7 14. a3 Rfd8 15.
e4 e5 16. Rac1 Re8 17. Rfe1 g6 18. Bh3 exd4 19. e5 Bxf3 20. exd6 Qxe1+ 21. Rxe1
Rxe1+ 22. Nf1 c5 23. Qd2 Rb1 24. Qf4 Bb7 25. bxc5 Rxc5 26. Bd8 g5 27. Bxf6 gxf4
28. Bxd7 Rcc1 29. Bh3 Bc6 0-1

[Event "17th "]
[Site "Senta"]
[Date "2013.07.15"]
[Round "4.28"]
[White "Mrzic, Branko"]
[Black "Vrabel, Mate"]
[Result "1-0"]
[WhiteElo "1875"]
[BlackElo "1508"]
[PlyCount "37"]
[EventDate "2013.07.13"]

1. d4 e6 2. f4 c5 3. e3 cxd4 4. exd4 d5 5. Nf3 Nf6 6. Bd3 Nc6 7. c3 Bd6 8. O-O
O-O 9. Qe1 Ne7 10. Ne5 Ng6 11. Nd2 Nh5 12. g3 f5 13. Ndf3 a6 14. Qe2 b5 15.
Nxg6 hxg6 16. Ne5 Bxe5 17. fxe5 Bd7 18. g4 fxg4 19. Qxg4 1-0

[Event "17th "]
[Site "Senta"]
[Date "2013.07.15"]
[Round "4.29"]
[White "Rozsa, Sandor S"]
[Black "Kormanyos, Akos"]
[Result "1/2-1/2"]
[WhiteElo "1485"]
[BlackElo "1684"]
[PlyCount "37"]
[EventDate "2013.07.13"]

1. e4 e5 2. Nf3 Nc6 3. Bc4 Nf6 4. Ng5 d5 5. exd5 b5 6. Bb3 Nd4 7. c3 Nxb3 8.
Qxb3 Qxd5 9. Qxd5 Nxd5 10. O-O Be7 11. d4 h6 12. Nf3 exd4 13. Nxd4 a6 14. Nc6
Bd6 15. Re1+ Be6 16. Nd4 O-O 17. Nxe6 fxe6 18. Nd2 Nf4 19. Nf3 1/2-1/2

[Event "17th "]
[Site "Senta"]
[Date "2013.07.15"]
[Round "4.33"]
[White "Petrovic, Tamara"]
[Black "Nagy Abonyi, Arnold"]
[Result "1-0"]
[WhiteElo "1646"]
[BlackElo "1344"]
[PlyCount "95"]
[EventDate "2013.07.13"]

1. Nf3 d6 2. d4 Bg4 3. c4 Bxf3 4. gxf3 e6 5. e4 Be7 6. Nc3 c6 7. Rg1 Bf6 8. Be3
Nd7 9. f4 e5 10. Qd2 Qc7 11. Rd1 a6 12. Bh3 g6 13. dxe5 Nxe5 14. fxe5 Bxe5 15.
f4 Rd8 16. fxe5 dxe5 17. Qf2 Rxd1+ 18. Kxd1 Qd6+ 19. Qd2 Qxd2+ 20. Kxd2 Ne7 21.
Kc2 h5 22. Rd1 O-O 23. Bc5 Re8 24. Bd7 Kf8 25. Bxe8 Kxe8 26. Na4 b5 27. cxb5
axb5 28. Nb6 f5 29. Bxe7 Kxe7 30. Nc8+ Kf6 31. exf5 gxf5 32. h4 f4 33. Nd6 Ke6
34. Rd3 f3 35. Kd2 e4 36. Nxe4 Ke5 37. Ke3 f2 38. Nxf2 c5 39. Ne4 c4 40. Rd8 b4
41. Rh8 c3 42. bxc3 bxc3 43. Nxc3 Kf5 44. Rxh5+ Kg4 45. Rg5+ Kxh4 46. Kf4 Kh3
47. Rg6 Kh2 48. Kf3 1-0

[Event "17th "]
[Site "Senta"]
[Date "2013.07.16"]
[Round "5.1"]
[White "Popov, Stevan"]
[Black "Dinic, Nenad"]
[Result "1-0"]
[WhiteElo "2183"]
[BlackElo "2011"]
[PlyCount "35"]
[EventDate "2013.07.13"]

1. e4 c5 2. Nf3 Nf6 3. Nc3 Nc6 4. Bb5 a6 5. Bxc6 bxc6 6. d3 e6 7. O-O Be7 8.
Bg5 O-O 9. Re1 a5 10. b3 d6 11. e5 Nd5 12. Bxe7 Qxe7 13. exd6 Qxd6 14. Ne4 Qe7
15. c4 Nf4 16. Qd2 Ng6 17. Qe3 Rd8 18. Nxc5 1-0

[Event "17th "]
[Site "Senta"]
[Date "2013.07.16"]
[Round "5.2"]
[White "Zivkovic, Momcilo"]
[Black "Nestorovic, Irena"]
[Result "1-0"]
[WhiteElo "2138"]
[BlackElo "2039"]
[PlyCount "59"]
[EventDate "2013.07.13"]

1. e4 e5 2. Nf3 Nc6 3. Bc4 Be7 4. d3 Nf6 5. a3 d6 6. h3 h6 7. c3 Na5 8. Ba2 c5
9. O-O O-O 10. b4 cxb4 11. axb4 Nc6 12. b5 Nb8 13. Qe2 Nbd7 14. Nh4 Nc5 15. Ng6
Re8 16. Be3 b6 17. Nd2 Be6 18. Bxc5 bxc5 19. Bxe6 fxe6 20. Nc4 Kh7 21. Nxe7
Rxe7 22. Ra6 Ne8 23. Rfa1 Rb8 24. Na5 Rxb5 25. Nc6 Qc7 26. Rxa7 Qxc6 27. Rxe7
c4 28. Raa7 Qb6 29. Kh2 cxd3 30. Qg4 1-0

[Event "17th "]
[Site "Senta"]
[Date "2013.07.16"]
[Round "5.3"]
[White "Petrovic, Milan M"]
[Black "Puhalo, Zdravko"]
[Result "1/2-1/2"]
[WhiteElo "1926"]
[BlackElo "2065"]
[PlyCount "114"]
[EventDate "2013.07.13"]

1. e4 d6 2. Nc3 Nf6 3. f4 e6 4. Nf3 Be7 5. Bc4 c6 6. Bb3 d5 7. e5 Ng4 8. Ne2 a5
9. c3 c5 10. d4 Nc6 11. O-O b5 12. h3 Nh6 13. Bc2 Bd7 14. Be3 Nf5 15. Bf2 c4
16. Qe1 g6 17. g4 Ng7 18. Ng3 Qb6 19. Rb1 h5 20. b3 cxb3 21. axb3 Qc7 22. Ra1
Rc8 23. Qe3 Nd8 24. Be1 b4 25. f5 exf5 26. gxf5 gxf5 27. Ng5 Nde6 28. Nxf7 Kxf7
29. Bxf5 Ke8 30. Bg6+ Kd8 31. cxb4 axb4 32. Qf3 Nxd4 33. Qxd5 Qc5 34. Qxc5 Bxc5
35. Rd1 Nc6+ 36. Kh2 Nxe5 37. Be4 Be7 38. Nf5 Nxf5 39. Rxf5 Ng6 40. Rfd5 Nf8
41. Bf5 Rc7 42. Bg3 Rb7 43. Be5 Rg8 44. Be4 Ra7 45. Bb8 Ra2+ 46. Kh1 Ke8 47.
Rxh5 Re2 48. Re5 Kd8 49. Ba7 Rb2 50. Bf5 Ke8 51. Bc5 Rg7 52. Rde1 Bc6+ 53. Be4
Bxe4+ 54. R5xe4 Rxb3 55. Rxe7+ Rxe7 56. Rxe7+ Kd8 57. Re4 Nd7 1/2-1/2

[Event "17th "]
[Site "Senta"]
[Date "2013.07.16"]
[Round "5.4"]
[White "Pajzer, Istvan"]
[Black "Davidovic, Zoran"]
[Result "0-1"]
[WhiteElo "2132"]
[BlackElo "1904"]
[PlyCount "90"]
[EventDate "2013.07.13"]

1. d4 f5 2. e4 Nf6 3. e5 Nd5 4. c4 Nb6 5. Bd3 e6 6. g4 Bb4+ 7. Bd2 Bxd2+ 8.
Nxd2 O-O 9. gxf5 d6 10. exd6 cxd6 11. fxe6 Qf6 12. Ngf3 Bxe6 13. Rg1 Bf5 14.
Bxf5 Qxf5 15. Rg3 Nc6 16. Kf1 Nxd4 17. Kg2 Rae8 18. Kh1 Ne2 19. Rg5 Qf4 20. Qf1
Nd4 21. Rg3 Nxf3 22. Nxf3 Nxc4 23. Qg2 Qf6 24. Rg1 Re7 25. Ng5 Ne5 26. Qd5+ Kh8
27. Ne4 Qf7 28. Qxf7 Nxf7 29. Nc3 g6 30. Rd1 Nh6 31. Kg1 a6 32. Nd5 Re2 33. f4
Rxb2 34. Rc1 Rb5 35. Rd3 Rc5 36. Re1 Nf5 37. a4 Rf7 38. Re8+ Kg7 39. Rb8 Ra5
40. Nb6 Rc5 41. Nd5 Rc4 42. Rb3 Rd4 43. Nc3 Rxf4 44. R3xb7 Ne3 45. h3 Rc4 0-1

[Event "17th "]
[Site "Senta"]
[Date "2013.07.16"]
[Round "5.7"]
[White "Ilicic, Mirko"]
[Black "Dikic, Veljko"]
[Result "0-1"]
[WhiteElo "2029"]
[BlackElo "1925"]
[PlyCount "85"]
[EventDate "2013.07.13"]

1. d4 d6 2. c4 Nf6 3. Nc3 Nbd7 4. e4 e5 5. Nf3 Be7 6. Be2 O-O 7. O-O c6 8. a4
a5 9. Qc2 Qc7 10. Bg5 b6 11. h3 Re8 12. d5 c5 13. Nd2 Qd8 14. Be3 Nf8 15. f4
exf4 16. Bxf4 Ng6 17. Bh2 Nd7 18. Nf3 Bf8 19. Ra3 Nge5 20. Nb5 Ba6 21. Qd2 Bxb5
22. axb5 g6 23. Bf4 Bg7 24. Bg5 Bf6 25. h4 Bxg5 26. hxg5 Ra7 27. Qf4 Qe7 28.
Nh4 Rf8 29. Rh3 f6 30. gxf6 Rxf6 31. Qg3 Rxf1+ 32. Bxf1 Nf7 33. Nf5 Qe5 34. Ne3
Ng5 35. Qh4 Nxh3+ 36. gxh3 Nf6 37. Bg2 Re7 38. Kh1 h5 39. Bf3 Nxe4 40. Ng2 Ng3+
41. Kg1 Nf5 42. Qf4 Nd4 43. Kf2 0-1

[Event "17th "]
[Site "Senta"]
[Date "2013.07.16"]
[Round "5.9"]
[White "Farkas, Sandor I"]
[Black "Ruzicic, Sinisa"]
[Result "1/2-1/2"]
[WhiteElo "1862"]
[BlackElo "1978"]
[PlyCount "121"]
[EventDate "2013.07.13"]

1. e4 c5 2. Nf3 d6 3. d4 cxd4 4. Nxd4 Nf6 5. Nc3 a6 6. Be3 Ng4 7. Bc1 e5 8. Nb3
Be6 9. Be2 Nf6 10. Bg5 h6 11. Be3 Be7 12. f3 O-O 13. Qd2 d5 14. exd5 Nxd5 15.
Nxd5 Bxd5 16. O-O-O Bxb3 17. Qxd8 Bxd8 18. axb3 Nc6 19. Bc4 Rc8 20. Bc5 Bg5+
21. Kb1 Rfd8 22. Bb6 Rd2 23. Rxd2 Bxd2 24. c3 Bg5 25. Rd1 Bd8 26. Bxd8 Rxd8 27.
Rxd8+ Nxd8 28. b4 Kf8 29. g4 Ke7 30. Kc2 g6 31. Kd3 f5 32. gxf5 gxf5 33. Bd5
Kd6 34. Bg8 Nc6 35. Bf7 e4+ 36. Ke3 exf3 37. Bb3 Ne5 38. h3 f4+ 39. Kf2 Nd3+
40. Kxf3 Ke5 41. Bc4 Nxb2 42. Bb3 b5 43. Bc2 Nc4 44. Bd3 Nd2+ 45. Kg4 Ne4 46.
Kh5 Nxc3 47. Kxh6 Kd4 48. Bf1 f3 49. Kg6 Ne2 50. h4 Ng3 51. h5 Nxh5 52. Kxh5
Kc3 53. Kg4 Kxb4 54. Kxf3 a5 55. Bxb5 Kxb5 56. Ke2 Kb4 57. Kd2 Kb3 58. Kc1 Ka2
59. Kc2 a4 60. Kc1 a3 61. Kc2 1/2-1/2

[Event "17th "]
[Site "Senta"]
[Date "2013.07.16"]
[Round "5.10"]
[White "Milanovic, Maja"]
[Black "Janjic, Stefan"]
[Result "1/2-1/2"]
[WhiteElo "1969"]
[BlackElo "1892"]
[PlyCount "73"]
[EventDate "2013.07.13"]

1. e4 e6 2. d4 d5 3. Nc3 Nf6 4. Bg5 Be7 5. e5 Nfd7 6. Bxe7 Qxe7 7. f4 a6 8. Nf3
c5 9. dxc5 Nc6 10. Bd3 Nxc5 11. a3 f5 12. O-O O-O 13. Rc1 Bd7 14. Ne2 Rac8 15.
Kh1 h6 16. Qe1 Be8 17. Qf2 Bh5 18. Rg1 Nxd3 19. cxd3 g5 20. Nfd4 Nxd4 21. Nxd4
Kf7 22. h3 gxf4 23. Qxf4 Qg5 24. g3 Rg8 25. Qxg5 hxg5 26. Kg2 Ke7 27. Kf2 Kd7
28. Ke3 Rxc1 29. Rxc1 Rf8 30. Nf3 Bxf3 31. Kxf3 Rh8 32. Kg2 Rc8 33. Rxc8 Kxc8
34. d4 Kd7 35. Kf3 Ke7 36. g4 f4 37. Ke2 1/2-1/2

[Event "17th "]
[Site "Senta"]
[Date "2013.07.16"]
[Round "5.11"]
[White "Toth, Kazmer"]
[Black "Nesovanovic, Miroslav"]
[Result "0-1"]
[WhiteElo "1995"]
[BlackElo "1877"]
[PlyCount "98"]
[EventDate "2013.07.13"]

1. c4 c5 2. g3 Nc6 3. Bg2 Nf6 4. Nc3 g6 5. Nf3 Bg7 6. e4 e5 7. O-O O-O 8. d3 h6
9. h3 d6 10. Be3 Nd4 11. Kh2 Be6 12. Ng1 g5 13. Qd2 Kh7 14. Rab1 a5 15. b3 Rg8
16. Nce2 g4 17. h4 Nh5 18. Bxd4 cxd4 19. Nc1 Bf6 20. Nge2 b6 21. Kg1 Be7 22.
Ra1 Ra7 23. a3 Qf8 24. Na2 Qg7 25. Rae1 Rb8 26. a4 Bd7 27. Kh2 Rg8 28. Rh1 Qf6
29. Ref1 Qg6 30. Nac1 f5 31. exf5 Bxf5 32. Bd5 Rg7 33. Rhg1 Nf6 34. Bh1 Qh5 35.
Bg2 Bc8 36. Rh1 Bb7 37. Bxb7 Rxb7 38. Ng1 d5 39. Qe2 Bd6 40. Kg2 dxc4 41. bxc4
Rbe7 42. Qb2 Bc5 43. Nge2 Qf5 44. Rh2 Qf3+ 45. Kg1 Nh5 46. Rg2 Rgf7 47. Qc2 Rf6
48. Nb3 Bb4 49. Nd2 Qxe2 0-1